LEADER 01115nem2 2200349 450 001 990009812910403321 005 20140121154934.0 035 $a000981291 035 $aFED01000981291 035 $a(Aleph)000981291FED01 035 $a000981291 100 $a20140121d1576----km-y0itay50------ba 101 0 $aita 102 $aIT 120 $aa------------ 121 $aaa-aa---- 123 0 $aa 200 1 $aMinorica$bDocumento cartografico 206 $aScala non determinabile 210 $aIn Venetia$cappresso Simon Galignani et Girolamo Porro$d1576 215 $a1 c. [p. 39]$d15 x 11 cm 463 0$1001000964765 610 0 $aSpagna$aMinorca$aCarte antiche 700 1$aPorcacchi,$bTommaso$f<1530-1585>$0327571 701 1$aPorro,$bGirolamo$f<1520-1604>$0327572 801 0$aIT$bUNINA$gRICA$2UNIMARC 856 4 $zVisualizza versione elettronica presso Internet culturale$uhttp://iccu01e.caspur.it/ms/internetCulturale.php?id=mag_GEO0002710&teca=GeoWeb+-+Marciana$e20140121 901 $aMP 912 $a990009812910403321 959 $aILFGE 996 $aMinorica$9837969 997 $aUNINA LEADER 01345nam0-2200409li-450 001 990000165790203316 005 20180312154607.0 010 $a0-201-52375-2 035 $a0016579 035 $aUSA010016579 035 $a(ALEPH)000016579USA01 035 $a0016579 100 $a20001109d1989----km-y0itay0103----ba 101 0 $aeng 102 $aUS 200 1 $aObject-oriented programming in Turbo Pascal 5.5$fBen Ezzel 210 $aReading (Mass.)$cAddison-Wesley$dcopyr. 1989 215 $aXVII, 375 p.$cill.$d24 cm 610 1 $alinguaggio pascal 610 1 $aprogramma turbo pascal 610 1 $aprogrammazione oggetto-orientata 676 $a0051$9Programmazione. Tecnica di sviluppo dei programmi 700 1$aEzzel,$bBen$0745852 801 $aSistema bibliotecario di Ateneo dell' Università di Salerno$gRICA 912 $a990000165790203316 951 $a005.1 EZZ (A)$b0012577$c005.1$d00106381 951 $a005.1 EZZ (B)$b0013621$c005.1$d00106382 959 $aBK 969 $aSCI 979 $c19901211 979 $c20001110$lUSA01$h1712 979 $aALANDI$b90$c20010316$lUSA01$h1737 979 $aALANDI$b90$c20010316$lUSA01$h1738 979 $c20020403$lUSA01$h1624 979 $aPATRY$b90$c20040406$lUSA01$h1612 996 $aObject-oriented programming in Turbo Pascal 5.5$91487914 997 $aUNISA